| 000 | 00755nam a2200229 i 4500 | ||
|---|---|---|---|
| 001 | 87451 | ||
| 003 | ES-MaACL | ||
| 005 | 20230906175656.0 | ||
| 007 | t| | ||
| 008 | 041222s1945 mx |||| | spa d | ||
| 080 | _a616.89 | ||
| 100 | 1 |
_aKretschmer, Ernst ( _d1888-1964) _9171966 |
|
| 245 | 1 | 0 |
_aPsicología médica / _cErnesto Kretschmer ; versión castellana de Jorge Carrión y Tomás Córdoba ; carta prólogo de Antonio Abaunza. |
| 260 |
_aMéxico : _bLeyenda, _c[1945] ( _fGalatea) |
||
| 300 |
_aXXIII, 515 p. : _bil. ; _c23 cm. |
||
| 650 | 4 |
_aPsicopatología. _916577 |
|
| 700 | 1 |
_aCarrión, Jorge. _935801 |
|
| 700 | 1 |
_aCórdoba, Tomás. _940548 |
|
| 700 | 1 |
_aAbaunza, Antonio, _917987 |
|
| 852 |
_aES-MaACL _jE-1629 |
||
| 999 |
_c87451 _d87451 |
||